| 000 | 01927cam a22003494a 4500 | ||
|---|---|---|---|
| 001 | 14006170 | ||
| 003 | OSt | ||
| 005 | 20211125114226.0 | ||
| 008 | 050617s2007 maua b 001 0 eng | ||
| 010 | _a 2005049602 | ||
| 020 | _a9780072507751 | ||
| 020 | _a0072507756 (alk. paper) | ||
| 040 |
_aDLC _cLC _dDLC |
||
| 042 | _apcc | ||
| 050 | 0 | 0 | _aHF5686.I56.D68 |
| 082 | 0 | 0 |
_a657/.96 _222 |
| 100 | 1 | _aDoupnik, Timothy S. | |
| 245 | 1 | 0 |
_aInternational accounting. / _cTimothy Doupnik, Hector Perera. |
| 260 |
_aBoston: _bMcGraw-Hill, _c2007. |
||
| 300 |
_axvi, 640 p. : _bill. ; _c27 cm. |
||
| 504 | _a"List of some useful websites": p. 621-623. | ||
| 504 | _aIncludes bibliographical references and index. | ||
| 505 | _aContents: Introduction to international accounting -- Worldwide accounting diversity international harmonization of financial reporting standards -- Comparative accounting -- Foreign currency transactions and hedging foreign exchange risk -- Translation of foreign currency financial statements -- Additional financial reporting issues -- Analysis of foreign financial statements -- International taxation -- International transfer pricing -- Strategic accounting issues in multinational corporations -- Comparative international auditing and corporate governance -- | ||
| 650 | 0 |
_aInternational business enterprises _xAccounting. |
|
| 700 | _qPerera, Hector | ||
| 856 | 4 | 2 |
_3Publisher description _uhttp://www.loc.gov/catdir/enhancements/fy0625/2005049602-d.html |
| 856 | 4 | 1 |
_3Table of contents only _uhttp://www.loc.gov/catdir/enhancements/fy0625/2005049602-t.html |
| 856 | 4 | 2 |
_3Contributor biographical information _uhttp://www.loc.gov/catdir/enhancements/fy0737/2005049602-b.html |
| 906 |
_a7 _bcbc _corignew _d1 _eocip _f20 _gy-gencatlg |
||
| 942 |
_2lcc _cBK |
||
| 999 |
_c8110 _d15610 |
||